Statistics for FIFA 22 Road To The Knockouts

Click here to take the quiz!

General Stats

  • This quiz has been taken 82 times
    (48 since last reset)
  • The average score is 22 of 37

Answer Stats

ClubPositionRatingCompetitionAnswer% Correct
PSGCB89Champions LeagueMarquinhos
93%
Bayern MunichRM88Champions LeagueLeroy Sane
89%
LiverpoolLB88Champions LeagueAndy Robertson
80%
TottenhamLM90Conference LeagueHeung-Min Son
80%
Real MadridRW84Champions LeagueRodrygo
77%
ChelseaST88Champions LeagueTimo Werner
75%
BarcelonaCM89Champions LeagueFrenkie De Jong
73%
Man CityCAM88Champions LeagueBernardo Silva
70%
Borussia DortmundCAM89Champions LeagueMarco Reus
70%
Real BetisCAM86Europa LeagueNabil Fekir
70%
LazioST88Europa LeagueCiro Immobile
68%
SevillaRB87Champions LeagueJesus Navas
68%
Man UnitedCDM85Champions LeagueFred
66%
MarseilleLB83Europa LeagueJordan Amavi
64%
Eintracht FrankfurtLM86Europa LeagueFilip Kostic
61%
West HamCB83Europa LeagueIssa Diop
61%
RB LeipzigRWB84Champions LeagueNordi Mukiele
61%
AjaxCM82Champions LeagueRyan Gravenberch
61%
VillarrealLW84Champions LeagueArnaut Danjuma
59%
AC MilanCDM84Champions LeagueSandro Tonali
59%
PortoRB82Champions LeagueWilson Manafa
59%
LeicesterCM86Europa LeagueYouri Tielemans
59%
NapoliRM84Europa LeagueMatteo Politano
57%
Atletico MadridLB85Champions LeagueRenan Lodi
57%
RomaLW84Conference LeagueStephan El Shaarawy
57%
Inter MilanCM85Champions LeagueArturo Vidal
55%
RennesRB84Conference LeagueHamari Traore
55%
Real SociedadST86Europa LeagueAlexander Isak
52%
LilleCDM83Champions LeagueBenjamin Andre
52%
BenficaCB82Champions LeagueLucas Verissimo
52%
Bayer LeverkusenCB84Europa LeagueEdmond Tapsoba
48%
WolfsburgCDM84Champions LeagueMaximilian Arnold
48%
Union BerlinCF84Conference LeagueMax Kruse
48%
BesiktasST82Champions LeagueAlex Teixeira
43%
MonacoRM82Europa LeagueKrepin Diatta
39%
AtalantaLWB82Champions LeagueJoakim Maehle
36%
VitesseLWB74Conference LeagueMaximilian Wittek
16%

Score Distribution

Percentile by Number Answered

Percent of People with Each Score

Your Score History

You have not taken this quiz since the last reset